Dovolenka v zime

Mimoriadna sekcia Trendu. Cestovný ruch na Slovensku a vo svete. Tipy na zimnú dovolenku. Cestovné kancelárie. Skúsenosti zo zahraničia. Hodnotenie reštaurácií.

Na minha lista:
Detalhes bibliográficos
Formato: Capítulo de Livro
Idioma:eslovaco
Assuntos:
Tags: Adicionar Tag
Sem tags, seja o primeiro a adicionar uma tag!

MARC

LEADER 00000naa a2200000 4500
001 r043202
005 20230921112314.7
041 0 |a slo 
044 |a SK 
245 1 0 |a Dovolenka v zime 
520 |a Mimoriadna sekcia Trendu. Cestovný ruch na Slovensku a vo svete. Tipy na zimnú dovolenku. Cestovné kancelárie. Skúsenosti zo zahraničia. Hodnotenie reštaurácií. 
610 2 0 |a ruch cestovný 
610 2 0 |a ruch cestovný domáci 
610 2 0 |a ruch cestovný zahraničný 
610 2 0 |a Slovensko 
610 2 0 |a svet 
610 2 0 |a kancelárie cestovné 
610 2 0 |a reštaurácie